Ejes equivalentes para Diseno de pavimentos

Salvato in:
Dettagli Bibliografici
Autore principale: Picado Soto, Greeven
Natura: Tesi Libro
Lingua:Undetermined
Pubblicazione: 1983
Soggetti:
> > > > PAVIMENTOS
Tags: Aggiungi Tag
Nessun Tag, puoi essere il primo ad aggiungerne!!

MARC

LEADER 00000nam a2200000Ia 4500
001 2236
008 140114s9999 xx 000 0 und d
100 |a Picado Soto, Greeven 
245 |a Ejes equivalentes para Diseno de pavimentos 
260 |c 1983 
500 |a NULL 
502 |a Escuela de ingenieria Civil 
650 |z PAVIMENTOS 
999 |c 11539  |d 11539